| Tag |
First Indicator |
Second Indicator |
Subfields |
| LEADER |
00000cam a2200000Ka 4500 |
| 001 |
in00003509921 |
| 006 |
m o d |
| 007 |
cr bn||||||abp |
| 007 |
cr bn||||||ada |
| 008 |
101112s1984 enka ob 001 0 eng d |
| 005 |
20260421173417.3 |
| 019 |
|
|
|a 645890694
|
| 020 |
|
|
|a 9781489932464 (electronic bk.)
|
| 020 |
|
|
|a 1489932461 (electronic bk.)
|
| 020 |
|
|
|z 0412266008
|
| 020 |
|
|
|z 9780412266003
|
| 020 |
|
|
|z 0412254301 (pbk.)
|
| 020 |
|
|
|z 9780412254307 (pbk.)
|
| 035 |
|
|
|a (OCoLC)681183508
|z (OCoLC)645890694
|
| 040 |
|
|
|a OCLCE
|b eng
|e pn
|c OCLCE
|d OCLCQ
|d GW5XE
|d OCLCF
|d UtOrBLW
|
| 042 |
|
|
|a dlr
|
| 049 |
|
|
|a TXAM
|
| 050 |
|
4 |
|a QH442.2
|b .G56 1984
|
| 060 |
|
4 |
|a QH 442.2
|b G566g 1984
|
| 070 |
|
|
|a QH442.2.G56
|b 1984
|
| 082 |
0 |
4 |
|a 574.87/3282
|2 19
|
| 100 |
1 |
|
|a Glover, David M.
|
| 245 |
1 |
0 |
|a Gene cloning :
|b the mechanics of DNA manipulation /
|c David M. Glover.
|
| 264 |
|
1 |
|a London ;
|a New York :
|b Chapman and Hall,
|c 1984.
|
| 300 |
|
|
|a 1 online resource (viii, 222 pages) :
|b illustrations.
|
| 336 |
|
|
|a text
|b txt
|2 rdacontent
|
| 337 |
|
|
|a computer
|b c
|2 rdamedia
|
| 338 |
|
|
|a online resource
|b cr
|2 rdacarrier
|
| 490 |
1 |
|
|a Outline Studies in Biology
|
| 500 |
|
|
|a Revised edition of: Genetic engineering, cloning DNA. 2nd edition 1980.
|
| 504 |
|
|
|a Includes bibliographical references and index.
|
| 538 |
|
|
|a Master and use copy. Digital master created according to Benchmark for Faithful Digital Reproductions of Monographs and Serials, Version 1. Digital Library Federation, December 2002.
|u http://purl.oclc.org/DLF/benchrepro0212
|5 MiAaHDL
|
| 583 |
1 |
|
|a digitized
|c 2010
|h HathiTrust Digital Library
|l committed to preserve
|2 pda
|5 MiAaHDL
|
| 588 |
|
|
|a Description based on print version record.
|
| 500 |
|
|
|a Electronic resource.
|
| 650 |
|
0 |
|a Molecular cloning.
|
| 650 |
|
0 |
|a Recombinant DNA.
|
| 650 |
|
2 |
|a Cloning, Molecular.
|
| 650 |
|
2 |
|a DNA, Recombinant.
|
| 650 |
|
6 |
|a Clonage moléculaire.
|
| 650 |
|
6 |
|a ADN recombinant.
|
| 650 |
0 |
7 |
|a Klonierung.
|2 swd
|
| 650 |
0 |
7 |
|a Rekombinante DNS.
|2 swd
|
| 650 |
0 |
7 |
|a Genklonierung.
|2 swd
|
| 650 |
|
7 |
|a Molecular cloning.
|2 fast
|0 (OCoLC)fst01024762
|
| 650 |
|
7 |
|a Recombinant DNA.
|2 fast
|0 (OCoLC)fst01091466
|
| 653 |
|
|
|a Organisms
|a Recombinant DNA
|a Molecules
|a Cloning
|
| 655 |
|
7 |
|a Electronic books.
|2 local
|
| 700 |
1 |
|
|a Glover, David M.
|t Genetic engineering, cloning DNA.
|
| 710 |
2 |
|
|a SpringerLink (Online service)
|
| 776 |
1 |
8 |
|i Print version:
|a Glover, David M.
|t Gene cloning.
|d London ; New York : Chapman and Hall, 1984
|w (DLC) 84009575
|w (OCoLC)10780804
|
| 830 |
|
0 |
|a Outline studies in biology (Chapman and Hall)
|
| 856 |
4 |
0 |
|u http://proxy.library.tamu.edu/login?url=https://link.springer.com/10.1007/978-1-4899-3246-4
|z Connect to the full text of this electronic book
|t 0
|
| 994 |
|
|
|a 92
|b TXA
|
| 999 |
|
|
|a MARS
|
| 999 |
f |
f |
|s d62df6be-fa93-3ae5-bb0e-c1fac63c8099
|i 6ed8a1da-d010-3d6b-849e-f5117deedaca
|t 0
|
| 952 |
f |
f |
|a Texas A&M University
|b College Station
|c Electronic Resources
|s www_evans
|d Available Online
|t 0
|e QH442.2 .G56 1984
|h Library of Congress classification
|
| 998 |
f |
f |
|a QH442.2 .G56 1984
|t 0
|l Available Online
|